NCAA Men's Lacrosse Championships - Statistics

General Stats
  • This quiz has been taken 498 times
  • The average score is 12 of 16
Answer Stats
Answer % Correct
Duke
97%
Maryland
95%
Virginia
95%
North Carolina
92%
Syracuse
90%
Yale
86%
Cornell
85%
Notre Dame
85%
Johns Hopkins
83%
Princeton
81%
Ohio St
75%
Denver
70%
Loyola
59%
Navy
52%
Massachusetts
44%
Towson
40%
No matching quizzes found
Score Distribution
Percent of People with Each Score
Percentile by Number Answered
Your Score History
You have not taken this quiz